| 000 | 00870cam a22002417a 4500 | ||
|---|---|---|---|
| 020 | _a9789251059296 | ||
| 020 | _a9251059292 | ||
| 040 | _cUY0 | ||
| 082 | _a631 FOO 2008 A038 Or. | ||
| 100 | 1 | _aSyers, John K. | |
| 245 | 1 | 0 |
_aEfficiency of soil and fertilizer phosphorus use : _breconciling changing concepts of soil phosphorus behaviour with agronomic information / |
| 260 |
_aRome : _bFood and Agriculture Organization of the United Nations, _c2008. |
||
| 300 |
_axi, 108 p. : _bill. ; _c25 cm. |
||
| 500 | _aD. Curtin is a New Zealand author. | ||
| 650 | 0 | _aPhosphatic fertilizers. | |
| 650 | 0 | _aSoils | |
| 650 | 0 | _aPhosphorus in agriculture. | |
| 700 | 1 | _aJohnston, A. E. | |
| 700 | 1 | _aCurtin, Denis. | |
| 710 | 2 | _aFood and Agriculture Organization of the United Nations. | |
| 856 | 4 | 1 | _uhttp://www.loc.gov/catdir/toc/fy1001/2008437458.html |
| 942 | _cEK | ||
| 999 |
_c11540 _d11540 |
||